La Maldición de las Lagrimas (Registro nro. 15930)

000 -CABECERA
campo de control de longitud fija 02322nam a22002417a 4500
003 - IDENTIFICADOR DEL NÚMERO DE CONTROL
campo de control OSt
005 - FECHA Y HORA DE LA ÚLTIMA TRANSACCIÓN
campo de control 20250506143513.0
008 - DATOS DE LONGITUD FIJA--INFORMACIÓN GENERAL
campo de control de longitud fija 250506b ||||| |||| 00| 0 spa d
020 ## - NÚMERO INTERNACIONAL ESTÁNDAR DEL LIBRO
Número Internacional Estándar del Libro 9788419030054
040 ## - FUENTE DE LA CATALOGACIÓN
Centro/agencia transcriptor CO-Mq BPB
041 ## - CÓDIGO DE LENGUA
Código de lengua del texto/banda sonora o título independiente spa
082 ## - NÚMERO DE LA CLASIFICACIÓN DECIMAL DEWEY
Número de clasificación JN
Número de documento/Ítem CLEm
100 ## - ENTRADA PRINCIPAL--NOMBRE DE PERSONA
Nombre de persona Cleese, W.M.
Término indicativo de función/relación autor
245 ## - MENCIÓN DE TÍTULO
Título La Maldición de las Lagrimas
264 ## - PRODUCCIÓN, PUBLICACIÓN, DISTRIBUCIÓN, FABRICACIÓN Y COPYRIGHT
Producción, publicación, distribución, fabricación y copyright Madrid, España;
Nombre del de productor, editor, distribuidor, fabricante Ediciones Urano,
Fecha de producción, publicación, distribución, fabricación o copyright 2022
300 ## - DESCRIPCIÓN FÍSICA
Extensión 350 páginas;
Otras características físicas Tapa rustica
Dimensiones 23 cm
521 ## - NOTA DE PÚBLICO DESTINATARIO
Nota de público destinatario Invierno de 1913. Ursula Kelp, una joven jardinera inglesa, viaja a Buenos Aires para asumir el puesto de jardinera principal en una finca de La Pampa abandonada desde hace mucho tiempo. El dueño actual quiere volver a establecerse en la propiedad y devolver a los antaño famosos jardines su antigua gloria. Viajando a través de las vastas praderas de América del Sur, Ursula se encuentra con advertencias de los lugareños acerca de una maldición que acecha la finca y que busca desatar la tragedia sobre la familia fundadora de Las Lágrimas. Pronto, Ursula empieza a creer que la soledad le hace imaginarse cosas: el sonido de unos pasos al otro lado de la puerta de su habitación, el tacto fantasmal de unas manos sobre sus hombros... Y lo más extraño de todo: el sonido frenético de alguien talando árboles con un hacha en el bosque aledaño, cuando sabe que allí no hay nadie. A medida que los sucesos misteriosos se intensifican, con consecuencias trágicas, Ursula se pregunta si quizá hay algo de cierto en los rumores sobre la maldición de la finca. El regreso de la familia es inminente y cuanto más tiempo pasa Ursula en ese lugar, más claro tiene que ella también está en peligro de muerte. Porque acechando entre los árboles, vigilándola, esperándola, hay una fuerza maligna que quiere Las Lágrimas para sí. La maldición de Las Lágrimas es como si Du Maurier y Márquez se encontraran en un bar en Argentina para contarse historias de fantasmas. Y ganara Du Maurier. Un cuento gótico y fantasmagórico sobre venganza y la oscuridad que solo pueden conceder las maldiciones de verdad». Angela Slatter, autora galardonada de All the Murmuring Bones.
650 ## - PUNTO DE ACCESO ADICIONAL DE MATERIA--TÉRMINO DE MATERIA
Término de materia o nombre geográfico como elemento de entrada Literatura juvenil
650 ## - PUNTO DE ACCESO ADICIONAL DE MATERIA--TÉRMINO DE MATERIA
Término de materia o nombre geográfico como elemento de entrada Ficción histórica
650 ## - PUNTO DE ACCESO ADICIONAL DE MATERIA--TÉRMINO DE MATERIA
Término de materia o nombre geográfico como elemento de entrada Cuento gótico
700 ## - PUNTO DE ACCESO ADICIONAL--NOMBRE DE PERSONA
Nombre de persona Vogt, Francisco
Término indicativo de función/relación traductor
942 ## - ELEMENTOS DE PUNTO DE ACCESO ADICIONAL (KOHA)
Fuente del sistema de clasificación o colocación
Tipo de ítem Koha Libro Literatura
Existencias
Estado de retiro Estado de pérdida Fuente del sistema de clasificación o colocación Estado dañado No para préstamo Código de colección Localización permanente Ubicación/localización actual Ubicación en estantería Fecha de adquisición Fuente de adquisición Número de inventario Total de préstamos Renovaciones totales Signatura topográfica completa Código de barras Fecha visto por última vez Fecha del último préstamo Número de copia Precio válido a partir de Tipo de ítem Koha Nota pública
          Literatura Juvenil Biblioteca Pública San Juan Bosco Biblioteca Pública San Juan Bosco Literatura 06/05/2025 Compra 2024 NT 3 2 JN CLEm MOS504389 21/05/2026 16/03/2026 Ej.1 06/05/2025 Libro Literatura Quince dias
          Literatura Juvenil Biblioteca Pública San Juan Bosco Biblioteca Pública San Juan Bosco Literatura 06/05/2025 Compra 2024 NT 5 2 JN CLEm MOS504390 19/05/2026 04/05/2026 Ej.2 06/05/2025 Libro Literatura Quince dias

© Todos los derechos reservados para la Biblioteca Pública Municipal San Juan Bosco, 2020
Secretaria de Cultura de Mosquera
Carrera 3 N° 10 Esquina Centro Cultural Barrio El Carmén Teléfono: 8270830 Ext: 34
Funcionando con KOHA
Contacto: Biblioteca Pública Municipal San Juan Bosco/ bibliotecasanjuanbosco@mosquera-cundinamarca.gov.co
Mosquera, Cundinamarca